| 000 | 01011cam a2200337 i 4500 | ||
|---|---|---|---|
| 999 |
_c80998 _d80998 |
||
| 003 | BJBSDDR | ||
| 005 | 20230410130823.0 | ||
| 007 | ta | ||
| 008 | 120525s1974 cu 000 0 spa | ||
| 040 |
_bspa _cBJBSDDR |
||
| 041 |
_aspa _hita |
||
| 050 | 1 | 4 |
_aPQ 4272 _bB664d 1974 |
| 082 | 0 | 0 | _a853.15 |
| 100 | 1 |
_aBoccaccio, Giovanni, _d1313-1375 |
|
| 245 | 1 | 0 |
_aDecameron / _cGiovanni Boccaccio ; traducción Francisco José Alcántara |
| 250 | _a2a edición | ||
| 260 |
_aLa Habana : _bEditorial de Arte y Literatura, _c1974 |
||
| 300 | _a2 v. | ||
| 500 | _aTranslation of Decamerone. | ||
| 650 | 0 |
_aPlague _zEurope _xHistory _xFiction. |
|
| 650 | 0 |
_aStorytelling _xFiction. |
|
| 650 | 4 |
_aNovela italiana _95371 |
|
| 650 | 4 |
_aLiteratura italiana _911767 |
|
| 650 | 4 |
_aJuventud _vCuentos. |
|
| 650 | 4 |
_aNegocios _vCuentos. |
|
| 650 | 4 |
_aTragedia _vCuentos. |
|
| 650 | 4 |
_aFelicidad _vCuentos. |
|
| 700 | 1 |
_926285 _aAlcántara, Francisco José, _d1922-1999 _etraductor |
|
| 942 |
_2lcc _cBK |
||
| 946 | _aSH | ||